Countries with Overseas Teritories - Statistics

General Stats
  • This quiz has been taken 215 times
    214 since last reset
  • The average score is 9 of 12
Answer Stats
Answer % Correct
United Kingdom
97%
United States of America
97%
France
94%
Spain
87%
China
81%
Australia
80%
Portugal
78%
Denmark
76%
Netherlands
73%
New Zealand
70%
Norway
65%
Finland
39%
No matching quizzes found
Score Distribution
Percent of People with Each Score
Percentile by Number Answered
Your Score History
You have not taken this quiz since the last reset